A colour atlas of forensic pathology / (Record no. 5335)

000 -LEADER
fixed length control field 00784cam a22002652 4500
003 - CONTROL NUMBER IDENTIFIER
control field UkOxU
005 - DATE AND TIME OF LATEST TRANSACTION
control field 20220407125122.0
008 - FIXED-LENGTH DATA ELEMENTS--GENERAL INFORMATION
fixed length control field 760408s1975 enka b 001 0 eng d
020 ## - INTERNATIONAL STANDARD BOOK NUMBER
International Standard Book Number 0723401829
040 ## - CATALOGING SOURCE
Transcribing agency VVJ
050 ## - LIBRARY OF CONGRESS CALL NUMBER
Classification number RB33
Item number .G73 1971
090 ## - LOCALLY ASSIGNED LC-TYPE CALL NUMBER (OCLC); LOCAL CALL NUMBER (RLIN)
Classification number (OCLC) (R) ; Classification number, CALL (RLIN) (NR) RA1058
Local cutter number (OCLC) ; Book number/undivided call number, CALL (RLIN) .G73 1975b
100 10 - MAIN ENTRY--PERSONAL NAME
Personal name Gresham, G. A.
245 12 - TITLE STATEMENT
Title A colour atlas of forensic pathology /
Statement of responsibility, etc. G. Austin Gresham.
260 ## - PUBLICATION, DISTRIBUTION, ETC.
Place of publication, distribution, etc. London :
Name of publisher, distributor, etc. Wolfe Medical Books,
Date of publication, distribution, etc. 1975.
300 ## - PHYSICAL DESCRIPTION
Extent 304 p. :
Other physical details col. ill. ;
Dimensions 20 cm.
500 ## - GENERAL NOTE
General note Spine title: Forensic pathology.
500 ## - GENERAL NOTE
General note Includes index.
504 ## - BIBLIOGRAPHY, ETC. NOTE
Bibliography, etc. note Bibliography: p. 300-302.
650 #0 - SUBJECT ADDED ENTRY--TOPICAL TERM
Topical term or geographic name entry element Forensic pathology
General subdivision Atlases.
650 #0 - SUBJECT ADDED ENTRY--TOPICAL TERM
Topical term or geographic name entry element Autopsy
General subdivision Atlases.
830 #0 - SERIES ADDED ENTRY--UNIFORM TITLE
Volume/sequential designation 12
942 ## - ADDED ENTRY ELEMENTS (KOHA)
Source of classification or shelving scheme
Koha item type Book
Suppress in OPAC MM
Holdings
Withdrawn status Lost status Source of classification or shelving scheme Damaged status Not for loan Permanent Location Current Location Shelving location Date acquired Source of acquisition Total Checkouts Full call number Barcode Date last seen Price effective from Koha item type Public note
          AU LIBRARY AU LIBRARY Open Shelf 07.04.2022 DONATION FROM MOI UNIVERSITY   RB33 .G73 1971 28007675 07.04.2022 07.04.2022 Book MM

Powered by Koha